|
|
|
|
| LEADER |
00000nam0a2200000 4500 |
| 001 |
52305 |
| 005 |
20231031041440.0 |
| 035 |
|
|
|a (RuTPU)RU\TPU\book\54812
|
| 090 |
|
|
|a 52305
|
| 100 |
|
|
|a 20030528d1986 k y0rusy50 ca
|
| 101 |
0 |
|
|a rus
|
| 102 |
|
|
|a RU
|
| 105 |
|
|
|a a z 001zy
|
| 200 |
1 |
|
|a Помехи в системах с вентильными преобразователями
|f Ю. М. Быков, В. С. Василенко
|
| 210 |
|
|
|a Москва
|c Энергоатомиздат
|d 1986
|
| 215 |
|
|
|a 148 с.
|c ил.
|
| 320 |
|
|
|a Библиогр.: с. 147-149.
|
| 610 |
1 |
|
|a электрические машины
|
| 610 |
1 |
|
|a электроприводы вентильные
|
| 610 |
1 |
|
|a помехоустойчивость
|
| 610 |
1 |
|
|a вентильные преобразователи
|
| 610 |
1 |
|
|a расчеты
|
| 675 |
|
|
|a 621.314.5
|v 3
|
| 700 |
|
1 |
|a Быков
|b Ю. М.
|g Юрий Маркович
|
| 701 |
|
1 |
|a Василенко
|b В. С.
|g Вадим Сергеевич
|
| 801 |
|
1 |
|a RU
|b 63413507
|c 20030528
|g PSBO
|
| 801 |
|
2 |
|a RU
|b 63413507
|c 20141216
|g PSBO
|
| 900 |
|
|
|a Электромагнитная совместимость электросилового оборудования систем электроснабжения
|
| 900 |
|
|
|a Электромагнитная совместимость энергосилового оборудования систем электроснабжения
|
| 942 |
|
|
|c BK
|